00598nam a2200169 a 450000100100000000500170001000800410002702000150006804000250008308200080010810000340011624500790015026000450022930000280027495201090030299900170041100003983020201002033746.0130724s1976 sp a 000 0 spa d a8431508183 aDO-SdBNPbspacBNPHU axxx1 aDello Strologo, Saulla96601110aAquello que los gobienos ocultan sobre los platillos volantes /cObserver. aBarcelona :bEditorial De Vecchi,c1976. a215 p. :bil. ;c21 cm. 0010507-18MOaGRbGRcOId2013-07-24iLF1l0oxxx p39830-10r2020-06-25w2020-06-25y1ZNo se presta c39320d39320